000 00598nam a2200205 i 4500
001 141405
003 ES-MaACL
005 20230906200304.0
007 t|
008 070924s1955 sp ||||1| spa d
080 _a86-311.2"19"
100 1 _aVillarta, Angeles.
_9115149
245 1 0 _aMi vida en la basura /
_cAngeles Villarta.
260 _aMadrid :
_b[s.n.],
_c1955 (
_fGráfs. C. I. O)
300 _a217 p. ;
_c19 cm.
490 1 _aColección "El Grifón" ;
_v23
830 0 _aColección "El Grifón" ;
_v23
_9187211
852 _aES-MaACL
_jC-10697
_bR.37391
999 _c141405
_d141405